Detalles MARC
| 000 -LÍDER |
| Campo fijo de descripción fija |
02566nam a2200349 i 4500 |
| 001 - NÚMERO DE CONTROL |
| Campo de control |
768714001 |
| 003 - IDENTIFICADOR DEL NÚMERO DE CONTROL |
| Campo de control |
CO-MdFUSB |
| 005 - FECHA Y HORA DE LA ULTIMA TRANSACCIÓN |
| control field |
20190510132513.0 |
| 008 - ELEMENTOS DE LONGITUD FIJA -- INFORMACIÓN GENERAL |
| Campo fijo de descripción fija -- Información general |
190507t1958 -us |||| |||| 00| 0 eng d |
| 020 ## - NÚMERO INTERNACIONAL NORMALIZADO PARA LIBROS |
| Número Internacional Normalizado del libro |
081040531 |
| 040 ## - FUENTE DE CATALOGACIÓN |
| Agencia de catalogación original |
CO-MdFUSB |
| Idioma de catalogación |
spa |
| Agencia que realiza la transcripción |
CO-MdFUSB |
| Agencia que realiza la modificación |
CO-MdFUSBC |
| Convenciones de la descripción |
rda |
| 041 ## - CÓDIGO DE IDIOMA |
| Código de idioma para texto/pista de sonido o título separado |
eng |
| 082 ## - NÚMERO DE CLASIFICACIÓN DECIMAL DEWEY |
| Número de la edición del Dewey |
22 |
| Número de clasificación |
220.12 |
| Clave de autor-Numero de item |
H521 |
| 100 ## - ASIENTO PRINCIPAL--NOMBRE PERSONAL |
| Nombre personal |
Henry, Carl F.H, |
| Término relacionador |
editor |
| 245 1# - TÍTULO |
| Título del Material |
Revelation and the Bible : |
| Parte restante del título - Subtitulo |
contemporary evangelical thought |
| Mención de responsabilidad, etc. |
/ Carl F. H. Henry |
| 264 #1 - PRODUCCIÓN, PUBLICACIÓN, DISTRIBUCIÓN, MANUFACTURA, Y COPYRIGHT |
| Lugar de producción, publicación, distribución, manufactura |
Michigan, Estados Unidos : |
| Nombre del productor, publicador, distribuidor |
Baker Books, |
| Fecha de producción, publicación, distribución, manufactura, o copyright |
[1958] |
| 264 #4 - PRODUCCIÓN, PUBLICACIÓN, DISTRIBUCIÓN, MANUFACTURA, Y COPYRIGHT |
| Fecha de producción, publicación, distribución, manufactura, o copyright |
© 1958 |
| 300 ## - DESCRIPCIÓN FÍSICA |
| Extensión |
413 páginas |
| Dimensiones |
; 22 cm |
| 336 ## - TIPO DE CONTENIDO |
| Fuente |
rdacontent |
| Término de tipo de contenido |
texto |
| Código de tipo de contenido |
txt |
| 337 ## - TIPO DE MEDIO |
| Fuente |
rdamedia |
| Nombre del tipo de medio |
sin mediación |
| Código del tipo de medio |
n |
| 338 ## - TIPO DE SOPORTE |
| Fuente |
rdacarrier |
| Nombre del tipo de soporte |
volumen |
| Código Tipo de soporte |
nc |
| 490 ## - MENCIÓN DE SERIE |
| Mención de serie |
Twin brooks series |
| 504 ## - NOTA DE BIBLIOGRAFÍA, ETC. |
| Nota de bibliografía, etc |
Incluye bibliografía ( páginas 403-411) |
| 505 ## - NOTA DE CONTENIDO |
| Nota de contenido con formato preestablecido |
Revelación divina general y especial./ G. C. Berkouwer -- Revelación divina especial como racional. / Gordon H.Clark -- Revelaciones especiales como históricas y personales. Paul K. Jewett. -- La revelación especial como objetivo. / William J. Martin -- Revelación especial como escritura. / Ned B. Stonehouse. -- Vistas contemporáneas de la revelación. / James I. Packer. -- El testimonio de la escritura a su inspiración. Alan M. Stibbs-- El uso de las escrituras por nuestro señor. Pierre Ch. Marcel -- Nuevo Testamento usa el Antiguo Testamento./Roger Nicole -- El canon del Antiguo Testamento. / Edward J. Young.-- Los apócrifos. / G.Douglas Young. -- El canon del nuevo testamento./ Herman Ridderbos.-- La doctrina de la iglesia de la inspiración. / Geoffrey W.Bromiley-- Ideas contemporáneas de inspiración. / R.A. Finlayson.-- Los fenómenos de la escritura. / Everett F. Harrison. -- La evidencia de la profecía y el milagro. / Bernard Ramm. -- El espíritu santo y las escrituras. / J. Theodore Mueller. -- Los principios de la interpretación. / Ernest F. Kevan.-- Confirmación arqueológica del antiguo testamento. / Donald J. Wiseman -- Confirmación arqueológica del nuevo testamento. / F.F. Bruce. -- Reversiones de la crítica del Antiguo Testamento. / Nic H. Ridderbos. -- Reversiones de la crítica del Nuevo Testamento. / Merrill C. Tenney. -- Autoridades y la biblia. / J. Norval Geldenhuys.-- La unidad de la biblia. / Frank E. Gaebelein |
| 563 ## - NOTA DE ENCUADERNACIÓN |
| Nota de encuadernación |
Rústico |
| 630 #7 - TITULO UNIFORME |
| Título uniforme |
Biblia. |
| Subdivisión de materia general |
Crítica, interpretación, etc. |
| 650 #0 - ASIENTO SECUNDARIO DE MATERIA - TERMINO TEMÁTICO |
| 9 (RLIN) |
360 |
| Término temático o nombre geográfico como elemento de entrada |
Biblia |
| Término temático que sigue al nombre geográfico como elemento de entrada |
Evidencias, autoridad, etc. |
| 650 #0 - ASIENTO SECUNDARIO DE MATERIA - TERMINO TEMÁTICO |
| 9 (RLIN) |
1078 |
| Término temático o nombre geográfico como elemento de entrada |
Revelación en la Biblia |
| 650 #0 - ASIENTO SECUNDARIO DE MATERIA - TERMINO TEMÁTICO |
| 9 (RLIN) |
1075 |
| Término temático o nombre geográfico como elemento de entrada |
Inspiración |
| 653 ## - TÉRMINO DE INDIZACIÓN - NO CONTROLADO |
| Término no controlado |
Canon bíblico. |
| 942 ## - TIPO DE MATERIAL (KOHA) |
| Tipo de Item KOHA |
Libros General |